Sports Quiz

Random Sports or Football Quiz
Score 0/17 Timer 20:00
0 Plays Today
Conference Team % Correct
Clemson
81.3%
Duke
62.5%
FSU
62.5%
USF
56.3%
UCF
56.3%
UConn Huskies
50%
Memphis
50%
Georgia Tech
50%
Houston Cougars
43.8%
Conference Team % Correct
Navy
43.8%
Temple
43.8%
Tulane
43.8%
AACCincinnati Bearcats
37.5%
SMU
37.5%
Tulsa
37.5%
ECU
31.3%
ACCBoston College
31.3%
Remove Ads.
Support Sporcle.
Get the best of Sporcle when you Go Orange. This ad-free experience offers more features, more stats, and more fun while also helping to support Sporcle. Thank you for becoming a member.

You're not logged in!

Compare scores with friends on all Sporcle quizzes.
OR
Log In

Show Comments

Extras

Top Quizzes Today


Score Distribution

Your Account Isn't Verified!

In order to create a playlist on Sporcle, you need to verify the email address you used during registration. Go to your Sporcle Settings to finish the process.

Report this User

Report this user for behavior that violates our Community Guidelines.

Details: